000 00597nam a2200229Ia 4500
003 OSt
005 20220924152626.0
006 a|||||r|||| 00| 0
007 ta
008 220923b |||||||| |||| 00| 0 mar d
024 _a343447
037 _cTextual
040 _aARTS
_cARTS
_bmar
041 _2mar
_amar
082 _aR66,6:g, 155J9.1-.3
100 _aShankar Vamam
_9227114
245 0 _aGeetechya shlokavaril parvachn
260 _c1959
650 _aPHILOSOPHY
942 _hR66,6:g, 155J9.1-.3
_cTEXL
_2CC
999 _c470474
_d470474